| 000 | 00793 a2200217 4500 | ||
|---|---|---|---|
| 999 |
_c8355 _d8355 |
||
| 020 | _a9781412930147 (hbk.) | ||
| 020 | _a1412930146 (hbk.) | ||
| 020 | _a9781412930154 (pbk.) | ||
| 020 | _a1412930154 (pbk.) | ||
| 050 | 0 | 0 | _aPN4784.STA 2009 |
| 100 | 1 |
_aStarkey, Guy. _eauthor |
|
| 245 | 1 | 0 |
_aRadio journalism / _cGuy Starkey and Andrew Crisell. |
| 264 |
_aLos Angeles: _bSage., _c2009 |
||
| 300 | _a173 p. ; | ||
| 500 | _aIncludes bibliographical references (p. [160]-167) and index. | ||
| 504 | _aIncludes bibliographical references (p. [160]-167) and index. | ||
| 650 | 0 | _aRadio journalism. | |
| 700 | 1 | _aCrisell, Andrew. | |
| 942 |
_2lcc _cBK _h14784.2 _iSTA _kPN |
||